000 00778nam a2200181 a 4500
005 20170828161110.0
008 140303b2010 ec ||||| |||| 00| 0 spa d
040 _aCO-BoIAVH
_cCO-BoIAVH
041 _aspa
044 _aec
090 _aFG-
_b0144
100 1 _aGuerrero Guerra, Aurelio
245 1 3 _aEl mecanismo de retribución por protección y conservación de páramos y bosques nativos:
_bla experiencia del proyecto GPI-Proderena y los beneficiarios de la micro cuenca del río Chamachán en la parroquia Mariano Acosta, cantón Pimampiro
260 _aQuito:
_bUnión Europea;
_bGobierno Provincial de Imbabura,
_c2010.
300 _a39 paginas. :
_bilustraciones. ;
650 0 _aConservación de páramos
_xretribución
_z Ecuador
942 _cFolleto
_2z
999 _c19779
_d19779